书目信息 |
| 题名: |
热能转换及利用
|
|
| 作者: | 董树屏 , 李天铎 编著 | |
| 分册: | ||
| 出版信息: | 北京 机械工业出版社 1985 |
|
| 页数: | 346页 | |
| 开本: | 19cm | |
| 丛书名: | ||
| 单 册: | ||
| 中图分类: | TK11 | |
| 科图分类: | ||
| 主题词: | 热能 | |
| 电子资源: | ||
| ISBN: | ||
| 000 | 00691nam0 2200241 45 | |
| 001 | 0185016774 | |
| 005 | 20060322151653.31 | |
| 010 | @dCNY1.75 | |
| 091 | @a15033.5802 | |
| 100 | @a19951116d1985 em y0chiy0121 ea | |
| 101 | 0 | @achi |
| 102 | @aCN@b110000 | |
| 105 | @ay z 000yy | |
| 200 | 10 | @a热能转换及利用@Are neng zhuan huan ji li yong@f董树屏,李天铎编著@Fdong shu ping,li tian duo bian zhu |
| 210 | @a北京@c机械工业出版社@d1985 | |
| 215 | @a346页@d19cm | |
| 606 | 0 | @a热能 |
| 690 | @aTK11 | |
| 701 | 0 | @a董树屏@Adong shu ping@4编著 |
| 701 | 0 | @a李天铎@Ali tian duo@4编著 |
| 801 | 2 | @aCN@bNLC@c20060322 |
| 801 | 0 | @aCN@b深圳图书馆@c20040520 |
| 905 | @f2@b133498-499@dTK11@e16 | |
| 热能转换及利用/董树屏,李天铎编著.-北京:机械工业出版社,1985 |
| 346页;19cm |
| ISBN :CNY1.75 |
| ● |
| 相关链接 |
|
|
|
|
正题名:热能转换及利用
索取号:TK11/16
 
预约/预借
| 序号 | 登录号 | 条形码 | 馆藏地/架位号 | 状态 | 备注 |
| 1 | 0133498 | 001367693 | 第三借阅区/ [索取号:TK11/16] | 在馆 | |
| 2 | 0133499 | 001367657 | 第二样本阅览室/ [索取号:TK11/16] | 在馆 | |
| 3 | 0133500 | 202217412 | 密集书库/ [索取号:TK11/16] | 在馆 |